000 01124nam0a22003251 4500
001 v19\rc\1391556
005 20060512123952.8
035 _a(NLR Aleph) 004523693
090 _a4892579
_c4892579
100 _a20060512e18561856|||y0rusy50 ca
101 0 _arus
102 _aRU
105 _ay z |||||
200 1 _aНесколько слов о сочинениях г. Камкова
210 _a[Казань
_d1856]
215 _a15 с.
_d20
300 _aВ конце текста: Н.Ф.
309 _aБез тит. л. и обл.
311 _aПерепеч. из "Казан. губ. вед." 1856 г., №№ 50 и 51
488 0 _12001#$aКазанские губернские ведомости$v1856, № 50, 51
532 1 2 _aНесколько слов о сочинениях господина Камкова
701 0 _aН.Ф.
702 1 _aКамков
_bА. А.
_gАлександр Андреевич
_4570
801 0 _aRU
_bNLR
_gpsbo
801 0 _aRU
_bRuMoRGB
_2psbo
801 1 _aRU
_bProSoft-M
_2rusmarc
852 _aNLR
_j18.94.3.69
899 _aБАН
942 _cBOOK
980 _aNB